00330nam a22001097a 4500082001300000100001700013245003100030260003800061300002800099500001700127650007600144 a891.4391 aAnwar Masood aQatah KalamicAnwar Masood aIslamabadbAaqib Publishersc1986 b14x21 cmbHBa152 Pages aUrdu Poetry. aLiterature - PoetryaLiterature - Urdu PoetryaUrdu Literature - Poetry